| 000 | 00926nam a22003257a 4500 | ||
|---|---|---|---|
| 001 | BR2023001955 | ||
| 003 | BR-BrBNA | ||
| 005 | 20231018105740.0 | ||
| 008 | 231015b bl.||||| |||| 00| 0 por d | ||
| 040 |
_aBR-BrBNA _bpor |
||
| 041 | _apor | ||
| 072 |
_aH10 ; H20 _b4010 ; 4100 |
||
| 090 | _a4010 BR2023001955 | ||
| 100 | _aMoura, José Inácio Lacerda (ed.) | ||
| 110 | 1 |
_92106 _aComissão Executiva do Plano da Lavoura Cacaueira, Ilhéus, BA (Brasil) |
|
| 245 | _aManejo integrado das pragas das palmeiras | ||
| 260 |
_aIlhéus, BA (Brasil) _c2016 |
||
| 300 | _a186 p. | ||
| 500 | _aBibliography p. 159-186 (299 ref.);86 illus.; 6 tables | ||
| 650 | _aPALMEIRA OLEAGINOSA | ||
| 650 | _aCOCO | ||
| 650 | _aDENDÊ | ||
| 650 | _aAÇAÍ | ||
| 650 | _aPUPUNHA | ||
| 650 | _aPRAGA DE PLANTA | ||
| 650 | _aDOENÇA DE PLANTA | ||
| 650 | _aCONTROLE INTEGRADO | ||
| 909 |
_a202310 _bFernando |
||
| 942 | _cBK | ||
| 999 |
_c86482 _d86482 |
||